Central Library OPAC University of Rajshahi

স্মৃতির ঝিনুকে মুক্তো / (Record no. 47898)

MARC details
000 -LEADER
fixed length control field 00778nam a2200229 a 4500
001 - CONTROL NUMBER
control field 47898
003 - CONTROL NUMBER IDENTIFIER
rucl marc code BD-RjUL
005 - DATE AND TIME OF LATEST TRANSACTION
control field 20211209054422.0
008 - FIXED-LENGTH DATA ELEMENTS--GENERAL INFORMATION
fixed length control field 160810s2002 bg ||||| |||| 00| 0 ben d
020 ## - INTERNATIONAL STANDARD BOOK NUMBER
Terms of availability : Tk.60.00
035 ## - SYSTEM CONTROL NUMBER
System control number (BD-RjUL)48017
040 ## - CATALOGING SOURCE
Original cataloging agency BD-RjUL
Language of cataloging ben
Transcribing agency BD-RjUL
Modifying agency BD-RjUL
041 ## - LANGUAGE CODE
Language code of text/sound track or separate title ben
082 ## - DEWEY DECIMAL CLASSIFICATION NUMBER
Edition number 23
Classification number 891.443
Author mark and year ALS 2002
100 ## - MAIN ENTRY--PERSONAL NAME
Personal name আলী, জাহাঙ্গীর
9 (RLIN) 144540
245 10 - TITLE STATEMENT
Title স্মৃতির ঝিনুকে মুক্তো /
Statement of responsibility, etc. জাহাঙ্গীর আলী,
260 ## - PUBLICATION, DISTRIBUTION, ETC. (IMPRINT)
Place of publication, distribution, etc. রাজশাহী :
Name of publisher, distributor, etc. উৎপল,
Date of publication, distribution, etc. ২০০২.
300 ## - PHYSICAL DESCRIPTION
Pagination ৮৮ পৃ. ;
Size ২৫ সেমি.
650 ## - SUBJECT ADDED ENTRY--TOPICAL TERM
Topical term or geographic name as entry element বাংলা ছোট গল্প
9 (RLIN) 145377
Topical term or geographic name as entry element Bengali short stories
9 (RLIN) 145378
942 ## - ADDED ENTRY ELEMENTS (KOHA)
Source of classification or shelving scheme Dewey Decimal Classification
Koha item type Books
Holdings
Lost status Source of classification or shelving scheme Damaged status Not for loan Collection code Permanent Location Current Location Shelving location Date acquired Source of acquisition Cost, normal purchase price Total Checkouts Full call number Date last seen Copy number Koha item type
  Dewey Decimal Classification     Fiction Central Library, University of Rajshahi Central Library, University of Rajshahi   27/06/2007 Author, Gift 60.00   B 891.443 ALS 2002 10/08/2016 C-2 Books
  Dewey Decimal Classification     Fiction Central Library, University of Rajshahi Central Library, University of Rajshahi   27/06/2007 Author 60.00   B 891.443 ALS 2002 11/08/2016 C-3 Books
  Dewey Decimal Classification     Fiction Central Library, University of Rajshahi Central Library, University of Rajshahi   10/01/2008 Writer, Rajshahi     B 891.443 ALS 2002 21/08/2016 C-4 Books
  Dewey Decimal Classification   Not For Loan Fiction Central Library, University of Rajshahi Central Library, University of Rajshahi Reading Room 26/06/2007 Author     B 891.443 ALS 2002 31/01/2017 C-1 Books
  Dewey Decimal Classification     Fiction Central Library, University of Rajshahi Central Library, University of Rajshahi   10/01/2008 Lekhok, Rajshahi     B 891.443 ALS 2002 02/02/2017 C-5 Books